LEADER 06192 am 22006613u 450 001 9910297038103321 005 20230914163613.0 010 $a3-631-75370-5 024 7 $a10.3726/b13892 035 $a(CKB)4100000007277025 035 $a(OAPEN)1003162 035 $a(WaSeSS)IndRDA00125648 035 $a(oapen)https://directory.doabooks.org/handle/20.500.12854/26728 035 $a(MiAaPQ)EBC30686281 035 $a(Au-PeEL)EBL30686281 035 $a(EXLCZ)994100000007277025 100 $a20200714d2004 uy 0 101 0 $aeng 135 $auuuuu---auuuu 181 $ctxt$2rdacontent 182 $cc$2rdamedia 183 $acr$2rdacarrier 200 10$aTransitions in segmented labor markets $ethe case of Brazil /$fSilke Woltermann 205 $aFirst edition. 210 $aBern$cPeter Lang International Academic Publishing Group$d2018 210 1$aFrankfurt am Main, Germany :$cPeter Lang,$d2004. 215 $a1 online resource (220) 225 0 $aGoettingen Studies in Development Economics ;$vBand 14. 311 $a3-631-53162-1 327 $aCover -- List of Figures -- List of Tables -- List of Abbreviations -- I Informal Employment Revisited Theoretical Concepts and Stylized Facts From Brazil -- 1 Introduction -- 2 Theoretical Concepts -- 2.1 Informal Work in the Labor Theory -- 2.2 Neoclassical Labor Market Theory -- 2.2.1 The Basic Neoclassical Labor Market Model -- 2.2.2 Neoclassical Approaches to Segmentation -- 2.3 Dual Labor Market Theory -- 2.3.1 The Basic Ideas -- 2.3.2 Concepts of Segmentation -- 2.3.3 Unemployment in Segmented Labor Markets -- 2.4< -- tab/> -- Some Empirical Evidence -- 3 The Brazilian Labor Market -- 3.1 The Brazilian Labor Market in the Last Two Decades -- 3.2 The Institutional Background -- 3.3 Informal Employment and Self-Employment -- 3.4 Wages and Labor-Related Costs -- 3.5 Unemployment -- 3.6 Job Rotation and Labor Market Flexibility -- 3.7 Labor Market Policies -- 3.7.1 Active Labor Market Policies -- 3.7.2 Passive Labor Market Policies -- 4 The Database -- II The Allocative Power of Informality -- 5 Introduction -- 5.1 Motivation and Aim of Part II -- 5.2 Labor Market Stepping Stones in the Literature -- 5.3 The Data -- 6 Education and Transitions in Brazil -- 6.1 Professional Education and Training -- 6.1.1 Basic Education -- 6.1.2 Vocational Training and Professional Education -- 6.2 Labor History and Transitions -- 7 Theoretical Aspects -- 7.1 The Human Capital Approach to Labor Market Transitions -- 7.2 Transitions in the Dual Labor Market Theory -- 7.3 Parameters and Hypotheses -- 7.3.1 Duration of Unemployment -- 7.3.2 Spell in the Last Job -- 7.3.3 Type of Last Job -- 7.3.4 Education -- 7.3.5 Sex -- 7.3.6 Age -- 7.3.7 Position in the Household -- 7.3.8 Per Capita Household Income -- 7.4 Conclusion on the Theoretical Determinants -- 8 Analysis of Inter-Segment-Transitions -- 8.1 Dependent and Explanatory Variables. 327 $a8.2 The Econometric Modelling -- 8.2.1 Modelling Stepping Stone Transitions in the Literature -- 8.2.2 Survival Data Analysis -- 9 Interpretation of the Results -- 9.1 Transitions of Employed Workers -- 9.2 Transitions From Unemployment -- 9.3 Estimations for Each Occupational Subgroup -- 10 Conclusion -- III Job Search in a Segmented Labor Market -- 11 Introduction -- 11.1 Motivation and Aim of Part III -- 11.2 Search Methods in the Literature -- 11.3 The Data -- 12 Job Search and Labor Market Policies -- 12.1 Search Channels -- 12.2 Labor Market Policies -- 12.2.1 Active Labor Market Policies -- 12.2.2 Passive Labor Market Policies -- 13 Theoretical Aspects -- 13.1 Search Theory - a Basic Model -- 13.2 Extensions of the Model -- 13.2.1 The Choice of Different Search Channels -- 13.2.2 Exit Into Different Labor Market Segments -- 13.3 A Model for Brazil -- 14 Econometric Analysis -- 14.1 A Multinomial Logistic Regression Model -- 14.2 Interpreting Multinomial Logistic Regressions -- 15 Estimation results -- 15.1 Labor History and Search Methods -- 15.1.1 Former Occupational State -- 15.1.2 Unemployment Insurance Benefits -- 15.1.3 Sex, Age, Position in the Household and Per Capita Household Income -- 15.1.4 Education -- 15.2 The Impact of the Choice of Search Methods -- 15.2.1 Search Methods -- 15.2.2 Unemployment Insurance Benefits -- 15.2.3 Personal Characteristics and Duration of Unemployment -- 15.2.4 Education -- 16 Conclusion -- A Description of the Data Used in Part II -- B Description of the Data Used in Part III -- C More Estimation Results for Part III. 330 $aWhen labor market economists started to work on segmented labor markets, they classified informal employment as a transitory state. At the end of the 20th century, informal employment still persists governments? attempts to eradicate it and represents a growing labor market segment not only in developing countries but worldwide. It is evident that informal employment will not disappear but has to be taken into account when designing labor market policies. This study investigates the role of informal dependent employment on the allocation of workers into formal employment in general and on the choice of job search channels in particular. The empirical analysis is based on Cox proportional hazard models and multinomial logistic regression, using Brazilian labor market panel data. 606 $aLabor market$zBrazil 606 $aInformal sector (Economics)$zBrazil 610 $aArbeitsmarktpolitik 610 $aArbeitsmarktsegmentierung 610 $aArbeitssuche 610 $aBrasilien 610 $aBrazil 610 $aCase 610 $aInformelle Beschäftigung 610 $aLabor 610 $aMarkets 610 $aSchattenwirtschaft 610 $aSegmented 610 $aSegmentierte Arbeitsmärkte 610 $aTransitions 610 $aWoltermann 615 0$aLabor market 615 0$aInformal sector (Economics) 676 $a331.10981 700 $aWoltermann$b Silke$0902813 801 0$bWaSeSS 801 1$bWaSeSS 906 $aBOOK 912 $a9910297038103321 996 $aTransitions in segmented labor markets$92018169 997 $aUNINA LEADER 01151nam--2200385---450- 001 990003668940203316 005 20120608104201.0 010 $a978-88-17-12822-3 035 $a000366894 035 $aUSA01000366894 035 $a(ALEPH)000366894USA01 035 $a000366894 100 $a20120608d2008----km-y0itay50------ba 101 0 $aita 102 $aIT 105 $ay|||z|||001yy 200 1 $aAmata scrittura$elaboratorio di analisi letture proposte conversazioni$fDacia Maraini$gtesti raccolti e curati da Viviana Rosi e Maria Pia Simonetti 205 $a2. ed 210 $aMilano$cBUR$d2008 215 $a310 p.$d20 cm 225 2 $aBUR$iScrittori contemporanei 410 0$12001$aBUR$iScrittori contemporanei 606 0 $aNarrativa$2BNCF 676 $a808.3 700 1$aMARAINI,$bDacia$0193863 702 1$aROSI,$bViviana 702 1$aSIMONETTI,$bMaria Pia 801 0$aIT$bsalbc$gISBD 912 $a990003668940203316 951 $aIV.2. 2357$b236125 L.M.$cIV.2.$d00311618 959 $aBK 969 $aUMA 979 $aANNAMARIA$b90$c20120608$lUSA01$h1042 996 $aAmata scrittura$9878805 997 $aUNISA